000 00384nam a2200181Ia 4500
003 IT-RoPAU
005 20220918175256.0
008 120407s9999 xx 000 0 und d
040 _aIT-RoPAU
040 _cIT-RoPAU
100 _aCarlo Carbone
_936414
245 _aLa verità cristiana
250 _aRoma
260 _aAve
300 _c cm
490 _v1
942 _cBK
_2ddc
999 _c1079
_d1079